000 00522nam a2200181Ia 4500
005 20250508162242.0
008 008 250505s9999 xx 000 0 eng d
037 _aTextual
040 _aFEDL
_beng
_cFEDL
041 _aeng
_2eng
084 _a371.93, GAR
_qFEDL
100 _aGardner James E
_9277259
245 0 _aParaprofessional work with troubled children
260 _aNew York, USA
_bJohn Wiley and Sons
_c1975
300 _axi,180p.
942 _cTEXL
_h371.93, GAR
999 _c1375381
_d1375381